000 00338 a2200169 4500
001 175435
020 _a85-16-01730-3
040 _cMagnum
100 _aBrito, Elias Avancini de
240 1 0 _aBiologia 1
_lpor
245 1 0 _aBiologia 1
300 _a502
362 0 _a1997
440 1 _aModerna
697 _aBIOLOGIA
942 _cBK
999 _c175435
_d175435